000 00414nam a22001457a 4500
008 231023b |||||||| |||| 00| 0 eng d
050 _aTHE SH . F44 O 29 2021 C.1
_bC.1
100 _aOBWOGE, WILFRED
245 _aGROWTH DEVELOPMENT OF NILE TILAPIA
260 _c2021
300 _aXVIII,96
500 _aINCLUDES . BIBLIOGRAPHIC AN INDEX
650 _aGROTH PERFORMANCE OF NILE TILAPIA
942 _2lcc
_cBK
999 _c207880
_d207880